000 01145nam a2200313 4500
001 0000023022
003 CO-CtgCURN
005 20250329191025.0
007 ta
008 160627s2003 000 0 eng d
020 _a8448604881
040 _aCO-CtgCURN
_bspa
_ccoctgcurn
082 0 _a613.62
_bG393ri
100 1 _aGestal Otero, Juan Jesus.
245 1 0 _aRiesgos laborales del personal sanitario /
_cJ. J. Gestal Otero.
250 _a3a ed.
260 _aMadrid :
_bMcGraw-Hill,
_c2003.
300 _axvii, 771 p.
336 _2rdacontent
337 _2rdamedia
_asin mediacion
_bn
338 _2rdacarrier
_avolumen
_bnc
500 _aIncluye indice.
505 8 _aSalud laboral.--Riesgos laborales del personal sanitario.--Riesgos segun la naturaleza del agente.--Riesgos quimico.--Riesgos en areas especiales.--Riesgos biologicos.--Riesgos psiquicos y sociales
650 1 4 _aPersonal medico
_vEnfermedades.
908 _a160627
942 _cBK
_h613.62
_iG393ri
_2ddc
999 _c11475
_d11475